000
00304nam a2200121Ia 4500
008
230907s9999||||xx |||||||||||||| ||und||
082
_a
297.55
_b
MUM
245
0
_a
لبّیک, Labbaik /
260
_a
7th Sky Publications,
_b
Lahore :
_c
2006
300
_a
272 p.
650
_a
Urdu Literature
942
_c
BK
999
_c
599709
_d
599709